000 00347cam a22001217a 4500
008 180718b1973 xxu||||| |||| 00| 0 eng d
082 _aR7x5453 N143
100 _aNair, K. Ramchandran
245 _aIndustrial relations in Kerala
_cby K. Ramchandran Nair
260 _aDelhi
_bSterling
_c1973
300 _a437p.
650 _aLabour Relations - India
999 _c349560
_d349560